| 000 | 00591nam a2200241 a 4500 | ||
|---|---|---|---|
| 001 | nice12345678 | ||
| 003 | IN_TiNIC | ||
| 005 | 20260116012509.0 | ||
| 008 | 050524s1971 ausa grp 000 0 ara | ||
| 020 |
_a _c100 |
||
| 082 | 0 | 0 |
_a269.2 _bRAB |
| 100 | _aRab Al, Lakhaam | ||
| 245 | _aShahadatna Al Masihiyat. | ||
| 260 |
_aAustria _bLight of Life _c1971 |
||
| 300 | _a99p | ||
| 500 | _aincludes index and biblioraphy | ||
| 505 | 2 | _aAppendex, Bibliography, Index | |
| 650 | _aEvangelistic Work | ||
| 700 | 1 | _aRab Al, Lakhaam | |
| 902 | _bSRS | ||
| 942 | _cBK | ||
| 999 |
_c7235 _d7235 |
||